Estadísticas para Jugadores franceses con más partidos en La Liga

Haz click aquí para intentar la prueba.

Estadísticas generales

  • Esta prueba ha sido intentada 75 veces
  • La puntuación promedio es 8 de 17

Estadísticas de respuestas

Años en La LigaClub/ ClubesPartidosJugadores% Correcto
2010-PresenteReal Sociedad/ Atlético de Madrid/ FC Barcelona459Griezmann
100%
2009-2023Real Madrid439Benzema
98%
2011-2021Real Madrid236Varane
85%
2017-PresenteFC Barcelona127Dembélé
75%
2019-PresenteReal Betis114Fekir
68%
2001-2006Real Madrid155Zidane
63%
2009-2017Valencia CF/ FC Barcelona188Mathieu
61%
2016-2022FC Barcelona91Umtiti
58%
2007-2010FC Barcelona80Henry
44%
2007-2013FC Barcelona125Abidal
42%
2009-2012Real Madrid87Lass Diarra
32%
1998-2003Celta de Vigo/ Real Madrid164Makélélé
32%
2006-2010Villarreal CF103Pirés
22%
1997-2002Valencia CF121Angloma
15%
2001-2010Celta de Vigo/ Atlético de Madrid/ Real Zaragoza/ Racing de Santander238Luccin
14%
1996-2003Celta de Vigo/ FC Barcelona/ Deportivo Alavés176Dutruel
7%
2003-2009Albacete Balompie/ CA Osasuna109Delporte
5%

Distribución de puntuación

Porcentaje por número respondido

Porcentaje de gente con cada puntuación

Historial de tus puntuaciones

No has intentado esta prueba.